| 000 | 01393pam a2200289 a 4500 | ||
|---|---|---|---|
| 001 | 1693 | ||
| 005 | 20231211145932.0 | ||
| 020 |
_a0380977281 : _c$22.00 ($29.00 Can.) |
||
| 040 |
_aDLC _cDLC _dOCoLC _dDLC |
||
| 050 | 0 | 0 |
_aPR6057.A319 _bS73 1999 |
| 082 | 0 | 0 |
_a823/.914 _221 |
| 100 | 1 | _aGaiman, Neil. | |
| 245 | 1 | 0 |
_aStardust / _cNeil Gaiman. |
| 250 | _a1st ed. | ||
| 260 |
_aNew York : _bSpike, _c1999. |
||
| 300 |
_a248, 23 pages : _c19 cm. |
||
| 505 | _aV | ||
| 520 | _aIn the sleepy English countryside of decades past, there is a town that has stood on a jut of granite for six hundred years. And immediately to the east stands a high stone wall, for which the village is named. Here in the town of Wall, Tristran Thorn has lost his heart to the hauntingly beautiful Victoria Forester. One crisp October night, as they watch, a star falls from the sky, and Victoria promises to marry Tristran if he'll retrieve that star and bring it back for her. It is this promise that sends Tristran through the only gap in the wall, across the meadow, and into the most unforgettable adventure of his life. | ||
| 521 |
_a970
_bLexile |
||
| 521 |
_aV
_bRaz-Plus |
||
| 650 | 0 |
_aYoung men _xFiction. |
|
| 655 | 7 |
_aFantasy fiction. _2gsafd |
|
| 655 | 7 |
_aAdventure stories. _2gsafd |
|
| 655 | 7 |
_aLove stories. _2gsafd |
|
| 906 |
_a7 _bcbc _corignew _d1 _eocip _f19 _gy-gencatlg |
||
| 942 |
_2ddc _cBK _n0 |
||
| 999 |
_c1693 _d1693 |
||